Guess the city by sports teams abbreviations #4 - Statistics

General Stats
  • This quiz has been taken 18 times
  • The average score is 8 of 10
Answer Stats
NBA NFL NHL MLB City % Correct
K / N J / G I / R Y / M New York
100%
H D P M Miami
94%
H P Charlotte
88%
W F S G San Francisco
88%
R GK Las Vegas
81%
S San Antonio
75%
F Calgary
69%
G Memphis
69%
M Orlando
69%
B C St. Louis
44%
No matching quizzes found
Score Distribution
Percent of People with Each Score
Percentile by Number Answered
Your Score History
You have not taken this quiz